| 000 | 01390cam a2200325 a 4500 | ||
|---|---|---|---|
| 999 |
_c7213 _d7213 |
||
| 001 | 12185204 | ||
| 003 | GZU | ||
| 005 | 20210505152645.0 | ||
| 008 | 000926s2001 cauab b 001 0 eng | ||
| 010 | _a 00049340 | ||
| 020 | _a0759100918 (pbk. : alk. paper) | ||
| 020 | _a075910090X (cloth : alk. paper) | ||
| 040 |
_aDLC _cDLC _dDLC |
||
| 043 |
_afs----- _af-rh--- |
||
| 050 | 0 | 0 |
_aDT2942 _b.P55 2001 |
| 082 | 0 | 0 |
_a2 _221 |
| 100 | 1 | _aPikirayi, Innocent. | |
| 245 | 1 | 4 |
_aThe Zimbabwe culture : _borigins and decline of southern Zambezian states / _cInnocent Pikirayi. |
| 260 |
_aWalnut Creek, Calif. : _bAltaMira Press, _cc2001. |
||
| 300 |
_axxx, 303 p. : _bill., maps ; _c23 cm. |
||
| 504 | _aIncludes bibliographical references (p. 269-285) and indexes. | ||
| 650 | 0 |
_aBantu-speaking peoples _xHistory. |
|
| 651 | 0 |
_aMonomotapa Empire _xHistory. |
|
| 651 | 0 |
_aZambezi River Valley _xHistory. |
|
| 651 | 0 | _aGreat Zimbabwe (Extinct city) | |
| 856 | 4 | 1 |
_3Table of contents _uhttp://www.loc.gov/catdir/toc/fy051/00049340.html |
| 906 |
_a7 _bcbc _corignew _d1 _eocip _f20 _gy-gencatlg |
||
| 942 |
_cBK _hDT _i2942 _kPIK |
||